书目信息 |
| 题名: |
法国史
|
|
| 作者: | 陈文海 著 | |
| 分册: | ||
| 出版信息: | 北京 人民出版社 2014 |
|
| 页数: | 612页 | |
| 开本: | 24cm | |
| 丛书名: | 国别史系列 | |
| 单 册: | ||
| 中图分类: | K565.0 | |
| 科图分类: | ||
| 主题词: | ||
| 电子资源: | ||
| ISBN: | 978-7-01-012784-2 | |
| 000 | 00946nam0 22002771 450 | |
| 001 | 350922 | |
| 005 | 20161013163837.93 | |
| 010 | @a978-7-01-012784-2@dCNY79.00 | |
| 100 | @a20140319d2014 em y0chiy50 ea | |
| 101 | 0 | @achi |
| 102 | @aCN@b110000 | |
| 105 | @aa z 001yy | |
| 106 | @ar | |
| 200 | 1 | @a法国史@AFa Guo Shi@dThe history of France@f陈文海著@zeng |
| 205 | @a2版@b修订本 | |
| 210 | @a北京@c人民出版社@d2014 | |
| 215 | @a612页@c照片,图@d24cm | |
| 225 | 2 | @a国别史系列@AGuo Bie Shi Xi Lie |
| 330 | @a本书用简明的语言叙述法国从史前至当下的历史,全书分九章,主要包括史前时期与古代高卢、法兰克的统治及衰变、领土聚合与城乡社会生活、君主制的绝对与相对、大革命与拿破仑时代等内容。 | |
| 461 | 0 | @12001 @a国别史系列 |
| 510 | 1 | @aHistory of France@zeng |
| 607 | @a法国@AFa Guo@x历史 | |
| 690 | @aK565.0@v5 | |
| 701 | 0 | @a陈文海@AChen Wen Hai@f(1967~)@4著 |
| 801 | 0 | @aCN@bTANGWEI@c20160808 |
| 905 | @b0892403-6@dK565.0@e44@f4 | |
| 法国史=The history of France/陈文海著.-2版,修订本.-北京:人民出版社,2014 |
| 612页:照片,图;24cm.-(国别史系列) |
| ISBN 978-7-01-012784-2:CNY79.00 |
| 本书用简明的语言叙述法国从史前至当下的历史,全书分九章,主要包括史前时期与古代高卢、法兰克的统治及衰变、领土聚合与城乡社会生活、君主制的绝对与相对、大革命与拿破仑时代等内容。 |
| ● |
| 相关链接 |
|
|
|
|
正题名:法国史
索取号:K565.0/44
 
预约/预借
| 序号 | 登录号 | 条形码 | 馆藏地/架位号 | 状态 | 备注 |
| 1 | 0892403 | 208924039 | 第二样本阅览室/ [索取号:K565.0/44] | 在馆 | |
| 2 | 0892404 | 208924048 | 第二借阅区/ [索取号:K565.0/44] | 在馆 | |
| 3 | 0892405 | 208924057 | 第二借阅区/ [索取号:K565.0/44] | 在馆 | |
| 4 | 0892406 | 208924066 | 第二借阅区/ [索取号:K565.0/44] | 在馆 |